000 00781nam a22002177a 4500
999 _c15670
_d15670
003 AR-CdUCM
008 190429b ||||| |||| 00| 0 spa d
040 _aMUNICIPALIDAD PROVINCIAL DEL CUSCO
_cBIBLIOTECA MUNICIPAL DEL CUSCO
082 _aC / 985.61 /
_bAG32
100 _aAguilar Guerra, Blas Valerio
_947541
245 _aHistoria del Cuzco Republicano /
260 _aCuzco :
_c1965.
300 _a3 tomos ;
_c29 cm.
505 _aContenido : Revolución de Arequipa -- Conferencia de Manuel Seoane -- Victimas de Espinar -- IV centenario de la fundación Española -- Mueres don Rafael Paredes...
650 _aCusco
_9772
650 _aÉpoca republicana
_9202
650 _aPerú
_948395
650 _aSiglo XX
_98
942 _2ddc
_cLIBROS
945 _awnts
_d2019-04-29